[Event "SRB-chT 1st League Men 2018"]
[Site "Valjevo"]
[Date "2018.09.04"]
[Round "5"]
[White "Pavlovic, Milos"]
[Black "Kuzubov, Yuriy"]
[Result "0-1"]
[WhiteElo "2482"]
[BlackElo "2652"]
[Annotator "TA"]
[PlyCount "42"]
[EventDate "2018.08.31"]
[EventType "team-tourn"]
[EventCountry "SRB"]
[SourceTitle "playchess.com"]
[Source "ChessBase"]
[SourceQuality "1"]

{[%evp 12,42,29,28,37,15,21,0,43,50,60,35,47,11,0,0,4,-35,-36,-29,-10,-79,-86,-87,-74,-75,-62,-144,-145,-229,-227,-311,-280]} 1. d4 Nf6 2. Nf3 d5 3. e3 g6 4. Be2 Bg7 5. O-O O-O 6. b4 {[%cal Bb2b4,Bb4b5][%mdl 32]} b6 7. Bb2 {LiveBook: 4 Partien} Qd6 $146 {A48: Königsindisch (ohne c2-c4)} ({Vorgänger:} 7... Ne4 8. Nbd2 Nxd2 9. Qxd2 c6 10. c4 dxc4 11. Bxc4 Ba6 12. Qe2 Bxc4 13. Qxc4 Qd6 14. Rac1 b5 15. Qc3 {½-½ (34) Sargsyan,S (2453)-Iliaguev,N (2294) Ahmedabad 2017}) 8. b5 c5 9. c4 a6 {Die Stellung ist ausgeglichen.} 10. dxc5 bxc5 11. Be5 Qb6 12. Nc3 {zielt auf Lxf6 ab.} axb5 13. Nxb5 Nc6 14. cxd5 Nxe5 15. Nxe5 Rd8 16. Bc4 {[#]} (16. Nc3 $11 {hält das Gleichgewicht.}) 16... e6 $1 $36 {[%cal Rf6d5][%mdl 2048] Läuft bei Schwarz.} 17. d6 Nd5 $1 18. Nxf7 Kxf7 19. Qf3+ ({Günstiger ist} 19. Rb1 $15 Ra5 20. e4) 19... Kg8 20. Bxd5 (20. Rab1 $17 Ra5 21. e4) 20... Ra5 $19 ({Weniger gut wäre} 20... exd5 21. Qxd5+ Kh8 22. Qxa8 $15) 21. Bc4 {[#] Und Tab1 würde nun gewinnen.} Bxa1 {Precision: Weiß = 27%, Schwarz = 58%.} (21... Rxb5 $2 22. Bxb5 Bxa1 23. d7 $17) 0-1

[Event "SRB-chT 1st League Men 2018"]
[Site "Valjevo"]
[Date "2018.09.04"]
[Round "5"]
[White "Lazic, Miroljub"]
[Black "Stojanovic, Mihajlo"]
[Result "0-1"]
[WhiteElo "2476"]
[BlackElo "2498"]
[Annotator "TA"]
[PlyCount "102"]
[EventDate "2018.08.31"]
[EventType "team-tourn"]
[EventCountry "SRB"]
[SourceTitle "playchess.com"]
[Source "ChessBase"]
[SourceQuality "1"]

{[%evp 16,102,-11,-13,-3,-3,-3,-9,-9,-20,-22,-28,-17,-31,0,-39,-24,-40,-24,-53,-53,-62,-54,-66,-58,-52,-60,-64,-63,-63,-69,-75,-57,-64,-43,-49,-56,-45,-31,-37,-32,-31,-39,-112,-112,-261,-237,-349,-165,-157,-158,-146,-144,-181,-183,-254,-191,-267,-114,-113,-105,-120,-120,-75,-46,-105,-94,-115,-105,-615,-616,-858,-449,-466,-452,-414,-416,-388,-362,-398,-395,-638,-624,-1673,-1636,-1113,-702,-5281,-5257]} 1. Nf3 d5 2. g3 Nf6 3. Bg2 c6 4. d3 Nbd7 5. Nbd2 e5 6. e4 dxe4 7. dxe4 Be7 8. O-O {B10: Caro-Kann-Verteidigung} O-O 9. b3 {LiveBook: 5 Partien} Re8 (9... Qc7 10. Bb2 Re8 11. Qe2 Bf8 12. Nh4 Nc5 13. Nf5 g6 14. Ne3 Ne6 15. Nf3 Nd7 16. Rad1 f6 17. h4 h5 {0-1 (46) Mamedov,R (2650)-Wang,H (2717) Huaian 2016}) 10. Bb2 {Die Stellung ist ausgeglichen.} Bf8 11. Qe2 a5 12. Rfd1 Qc7 13. a3 $146 ({Vorgänger:} 13. a4 b6 14. Nc4 Ba6 {0-1 (25) Bilek,I (2395)-Davies,N (2340) Copenhagen 1984}) 13... b6 {[%cal Bb7b6,Bb6b5][%mdl 32]} 14. Bf1 Nc5 15. Ne1 Bg4 16. f3 Be6 17. Nc4 Nfd7 18. Ne3 b5 19. Rd2 Nb6 20. Rad1 f6 21. N1g2 a4 22. b4 Nb7 {[%cal Bc5b7,Bb7d6,Bd6c4][%mdl 32]} 23. f4 Nd6 {zielt auf ...Sdc4 ab.} 24. Qf3 $1 Ndc4 $36 {[%mdl 2048] Weiss steht unter Druck.} (24... Nf7 {is interesting.} 25. Kh1 Red8 26. Rxd8 Rxd8 27. Rxd8 Qxd8 28. Bd3 Bd6) 25. Nxc4 Nxc4 26. Bxc4 Bxc4 27. fxe5 fxe5 28. Ne3 Be6 29. Ng4 (29. Rf2 $15) 29... c5 $17 30. bxc5 (30. c3 $17 {war erzwungen.}) 30... Bxc5+ $19 31. Kg2 (31. Kh1 $142 b4 32. c4) 31... Bd4 (31... Rf8 $142 32. Qe2 Bc4) 32. Bxd4 exd4 33. Rxd4 Qxc2+ 34. R1d2 Qc5 35. Rd6 (35. h3 $142) 35... Rac8 36. e5 (36. h3 {war die einzige Chance.}) 36... Bb3 (36... b4 $19 {ist viel giftiger.} 37. Qf4 bxa3) 37. Rd7 {Beabsichtigt Txg7+ und Matt.} Rf8 38. Nf6+ {[#]} Kh8 $1 39. Qg4 {[%csl Gd7][%cal Rg4g7]} Rf7 40. Rd8+ (40. Ne4 $15 Qc1 41. Rxf7 Bxf7 42. Qd7) 40... Rxd8 $17 41. Rxd8+ Rf8 42. Qd4 $2 {[%mdl 8192]} (42. Rd7 $17 Bf7 43. e6 Qc6+ 44. Nd5 Qxe6 45. Qxe6 Bxe6 46. Rd6) 42... Qxa3 $19 43. Ne4 Bc4 {( -> ...Df3+)} 44. Nd2 Bg8 45. Rd7 Be6 46. Rd6 {[#]} Qa2 $1 47. Qc5 Rb8 48. Qc6 $2 (48. Qa7 Re8 49. Qb7) 48... a3 {[%cal Ba4a3,Ba3a2][%mdl 32] Schwarz steht klar auf Gewinn.} 49. Rxe6 {Und weiter mit Td6 wäre nett.} Qxd2+ 50. Kh3 Qd8 {Und ...a2 würde nun gewinnen.} 51. Kg2 a2 {Precision: Weiß = 32%, Schwarz = 68%.} 0-1

[Event "SRB-chT 1st League Men 2018"]
[Site "Valjevo"]
[Date "2018.09.04"]
[Round "5"]
[White "Ivic, Velimir"]
[Black "Todorovic, Goran M"]
[Result "1-0"]
[WhiteElo "2472"]
[BlackElo "2434"]
[Annotator "TA"]
[PlyCount "61"]
[EventDate "2018.08.31"]
[EventType "team-tourn"]
[EventCountry "SRB"]
[SourceTitle "playchess.com"]
[Source "ChessBase"]
[SourceQuality "1"]

{[%evp 25,61,31,53,0,0,0,0,0,43,23,34,33,32,29,33,32,33,45,39,32,44,32,31,26,358,351,522,517,852,837,1028,973,1356,1368,1322,621,1586,1500]} 1. e4 c5 2. Nf3 d6 3. d4 cxd4 4. Nxd4 Nf6 5. Nc3 Nc6 6. Bg5 e6 7. Qd2 a6 8. O-O-O Bd7 9. f3 Be7 10. Be3 {B67: Sicilian: Richter-Rauzer: 7...a6 8 0-0-0 Bd7, lines without 9 f4 Be7} b5 {[%cal Bb7b5,Bb5b4][%mdl 32]} 11. g4 Nxd4 12. Bxd4 b4 13. Ne2 e5 {[#] LiveBook: 14 Games} 14. Bf2 $146 ({White should play} 14. Be3 $1 $14) ({Predecessor:} 14. Be3 Qa5 15. g5 Nh5 16. Kb1 Be6 17. b3 Rd8 {½-½ (39) Lagno,K (2543)-Hou,Y (2629) Beijing 2013}) 14... Qa5 $11 15. Kb1 $1 Be6 16. b3 Rd8 17. Ng3 d5 {...dxe4 is the strong threat.} 18. Nf5 Bxf5 $1 19. exf5 d4 20. Bc4 Nd5 21. Bxd5 $1 Rxd5 22. f4 f6 23. fxe5 fxe5 24. Qe2 Qa3 $2 {[%mdl 8192] [#]} (24... Qb5 $11 {and Black is okay.} 25. Rde1 Qxe2 26. Rxe2 Kf7) 25. Bxd4 $1 $18 {[%mdl 512]} Ra5 {[#]} (25... Qa5 {might work better.} 26. Rhe1 O-O 27. Bxe5 Rfd8) (25... Rxd4 26. Qxe5) 26. c4 $1 {White is clearly winning.} (26. Bxe5 Qxa2+ 27. Kc1 O-O $11) 26... exd4 (26... bxc3 $142 27. Bxc3 O-O 28. Bxa5 Qxa5 29. Qc4+ Kh8) 27. Rd2 Rc5 28. Re1 {[%csl Ge1][%cal Re2e7]} Rc7 29. Qe5 O-O 30. Qxc7 Bf6 31. Qd7 {Precision: White = 81%, Black = 39%.} 1-0

[Event "SRB-chT 1st League Men 2018"]
[Site "Valjevo"]
[Date "2018.09.04"]
[Round "5"]
[White "Milanovic, Danilo"]
[Black "Mastrovasilis, Athanasios"]
[Result "1/2-1/2"]
[WhiteElo "2469"]
[BlackElo "2496"]
[Annotator "TA"]
[PlyCount "81"]
[EventDate "2018.08.31"]
[EventType "team-tourn"]
[EventCountry "SRB"]
[SourceTitle "playchess.com"]
[Source "ChessBase"]
[SourceQuality "1"]

{[%evp 9,81,4,7,-2,-6,-9,8,4,6,-6,-7,-6,-3,-9,-5,-9,-9,-14,-14,-14,-19,-18,-7,-2,-2,-2,-3,-5,-11,-6,-6,0,6,0,0,-20,-20,-13,0,-18,-16,-22,8,11,16,15,16,15,14,0,0,0,0,0,0,0,0,0,0,0,0,0,0,0,0,0,0,0,0,0,0,0,0,0]} 1. d4 d5 2. Nf3 e6 3. Bf4 Bd6 4. e3 Bxf4 5. exf4 Qd6 {LiveBook: 10 Games. The position is equal.} (5... Ne7 6. Bd3 b6 7. Nc3 c5 8. O-O Nd7 9. dxc5 bxc5 10. f5 exf5 11. Bxf5 O-O 12. Bxd7 Qxd7 13. Re1 {½-½ (79) Tristan,L (2456)-Salinas Herrera,P (2470) Buenos Aires 2018}) 6. Qc1 {D02: 1 d4 d5 2 Nf3 sidelines, including 2...Nf6 3 g3 and 2...Nf6 3 Bf4} Nf6 7. Bd3 O-O 8. O-O b6 9. c3 Ba6 10. Bxa6 Nxa6 11. Qe3 Nb8 $146 ({Predecessor:} 11... c5 12. Nbd2 cxd4 13. Nxd4 {1-0 (52) Rubinstein,A-Mieses,J Berlin/ Hannover/ Frankfurt 1909}) 12. Ne5 c5 13. Nd2 {[%cal Bb1d2,Bd2b3,Bb3d4][%mdl 32]} Nc6 14. dxc5 bxc5 15. Nb3 c4 16. Nxc6 Qxc6 17. Nd4 Qb6 18. b3 cxb3 19. axb3 Rfc8 20. Rfc1 $1 h6 21. h3 Rc7 22. Rc2 Rac8 23. Rac1 a5 24. Qd3 Ne4 25. c4 Nd6 (25... Rc5 {seems wilder.} 26. Qe3 Qb7 27. cxd5 Rxc2 28. Rxc2 Rxc2 29. Nxc2 Qxd5 30. Nd4 Kh7) 26. cxd5 exd5 27. Rxc7 Rxc7 28. Rxc7 Qxc7 29. Ne2 Qc5 30. Nc3 d4 31. Ne2 Nb5 32. Kh2 Qd5 33. Ng1 Nc7 34. Nf3 Ne6 35. f5 Nc5 36. Qxd4 Qxf5 37. Qd8+ Kh7 38. Qxa5 Qf4+ 39. Kg1 Qc1+ 40. Kh2 {aiming for b4.} Qf4+ 41. Kg1 {Precision: White = 60%, Black = 63%.} 1/2-1/2

[Event "SRB-chT 1st League Men 2018"]
[Site "Valjevo"]
[Date "2018.09.04"]
[Round "5"]
[White "Kosic, Dragan"]
[Black "Vuckovic, Bojan"]
[Result "1/2-1/2"]
[WhiteElo "2465"]
[BlackElo "2588"]
[Annotator "TA"]
[PlyCount "133"]
[EventDate "2018.08.31"]
[EventType "team-tourn"]
[EventCountry "SRB"]
[SourceTitle "playchess.com"]
[Source "ChessBase"]
[SourceQuality "1"]

{[%evp 26,133,0,-28,2,0,0,0,0,0,0,0,19,0,0,0,78,14,20,24,16,8,23,19,15,15,15,9,34,29,13,5,2,3,11,0,0,0,22,0,0,0,0,0,0,0,0,0,0,0,0,0,0,-4,24,23,23,24,24,23,24,21,23,24,29,21,23,23,44,32,26,0,26,28,85,86,85,79,163,26,32,32,33,33,37,39,1072,1070,1057,1057,975,656,751,643,1010,950,877,8,8,8,8,8,8,8,8,8,8,8,8,0]} 1. d4 {Ftacnik,L} Nf6 2. c4 g6 3. Nc3 d5 4. Nf3 Bg7 5. Bf4 O-O 6. Rc1 dxc4 7. e4 Bg4 8. Bxc4 Nh5 9. Be3 Bxf3 10. gxf3 e6 11. f4 {D92: Grünfeld: 4 Nf3 Bg7 5 Bf4} Qh4 12. Qf3 Nc6 13. Ne2 Rad8 14. Rd1 {[#] LiveBook: 4 Games} Qe7 $146 {...Qb4+ is the strong threat.} (14... Na5 {seems wilder.} 15. Bd3 c5 16. dxc5 Bxb2 17. O-O Nc6) ({Predecessor:} 14... Na5 15. Bd3 c5 16. dxc5 Bxb2 17. O-O e5 18. f5 Nc6 {1-0 (29) Dreev,A (2640)-Krasenkow,M (2645) Kazan 1997 CBM 063 [Ftacnik,L]}) 15. a3 Na5 16. Ba2 c5 $1 17. e5 cxd4 18. Rxd4 Nc6 19. Rxd8 Rxd8 20. O-O f6 (20... Qh4 $11 {remains equal.}) 21. exf6 (21. f5 $16) 21... Nxf6 $11 22. Nc3 Kh8 23. Rd1 Rxd1+ 24. Qxd1 e5 25. fxe5 Qxe5 26. Qf3 h5 27. h3 Kh7 28. Bf4 Qf5 {aiming for ...Bh6.} 29. Qe3 Qc2 30. Qd2 Qf5 31. Qe3 Qc2 32. Qd2 Qf5 33. Kg2 Ne4 34. Nxe4 Qxe4+ 35. f3 Qf5 36. Bd5 Nd4 37. Bxb7 Nb3 38. Qe3 Qc2+ 39. Qf2 (39. Kg3 {is more complex.} Bf6 40. h4 Nd4 41. Be4 Qxb2 42. Bxg6+ Kxg6 43. Qe8+) 39... Qxb2 (39... Qxf2+ {keeps more tension.} 40. Kxf2 Nc5 41. Bc6 Nd3+ 42. Kg3 Nxf4 43. Kxf4 Bxb2 44. a4 Kg7) 40. Qxb2 Bxb2 {[%mdl 4096] Endgame KBB-KBN} 41. Bd6 Bd4 42. Bd5 Nc5 43. f4 Kg7 44. Kf3 Kf6 45. Bc6 Nd3 46. a4 Bc5 47. Bc7 Bb6 48. Bd6 Bc5 49. Bb8 g5 (49... Bb6 $11 {keeps the balance.}) 50. fxg5+ $16 Kxg5 51. a5 a6 (51... Ne1+ $16 {was necessary.} 52. Ke4 Kh4) 52. Bb7 (52. Ke4 $1 $18 {[%cal Re4d3]} Nf2+ 53. Kf3) 52... Bb4 $11 53. Bc7 Nc5 54. Bd5 Kf5 55. Bd6 Nd3 $2 {[%mdl 8192]} (55... Ba3 $14) 56. Be4+ Kf6 57. Bxb4 Nxb4 $18 {KB-KN} 58. Kf4 Na2 {[#]} 59. h4 $1 Nc1 60. Bd5 Ne2+ {[#]} 61. Ke3 $2 ({White must play} 61. Ke4 $1 $18 {Black must now prevent Bc4.} Ng3+ 62. Kd4 Nf5+ 63. Kc5) 61... Ke5 $1 $11 {The position is equal.} 62. Bb7 Nd4 63. Bxa6 Nc6 64. Be2 {Hoping for a6.} Nxa5 65. Bxh5 Nc4+ 66. Kf3 Kf6 67. Ke4 {Precision: White = 60%, Black = 61%.} 1/2-1/2

[Event "SRB-chT 1st League Men 2018"]
[Site "Valjevo"]
[Date "2018.09.04"]
[Round "5"]
[White "Lukovic, Vladimir"]
[Black "Radovanovic, Mihajlo"]
[Result "0-1"]
[WhiteElo "2439"]
[BlackElo "2427"]
[Annotator "TA"]
[PlyCount "52"]
[EventDate "2018.08.31"]
[EventType "team-tourn"]
[EventCountry "SRB"]
[SourceTitle "playchess.com"]
[Source "ChessBase"]
[SourceQuality "1"]

{[%evp 15,52,5,2,-7,-4,-37,-21,-62,-59,-107,-99,-137,-113,-154,-155,-145,-143,-163,-142,-132,-136,-238,-179,-195,-188,-246,-193,-196,-203,-275,-278,-279,-255,-420,-299,-433,-304,-330,-345]} 1. e4 c5 2. Nf3 d6 3. Bb5+ Nd7 4. d4 cxd4 5. Qxd4 a6 6. Bxd7+ Bxd7 7. c4 {B51: Sicilian: Moscow Variation (3 Bb5+) without 3...Bd7} (7. Nc3 e5 8. Qd3 h6 9. Nd2 Rc8 10. Nc4 Be6 11. Ne3 Nf6 12. Bd2 Be7 13. a4 O-O 14. O-O Qd7 15. a5 Rfd8 {½-½ (58) Duda,J (2737)-Nepomniachtchi,I (2757) Dortmund 2018}) 7... Nf6 8. Nc3 g6 {LiveBook: 37 Games} 9. h3 {The position is equal.} Bg7 10. Qd3 O-O 11. Nd4 $146 ({Predecessor:} 11. O-O Bc6 12. Re1 Nd7 13. Nd5 b5 14. Nd4 Ne5 {1-0 (70) Glek,I (2430)-Tsvetkov,A (2129) Pardubice 2017}) 11... Rc8 12. a4 Qb6 {...Nxe4! is the strong threat.} 13. Nc2 Qb3 14. Ra3 Qxc4 15. Qxc4 Rxc4 16. Ne3 Rcc8 {White must now prevent ...Nxe4!} 17. f3 e6 {[%cal Be7e6,Be6d5][%mdl 32]} 18. Bd2 (18. Kf2 $17) 18... Nh5 19. Rb3 Bc6 20. Ne2 (20. O-O $142) 20... d5 21. exd5 exd5 {Threatens to win with ...d4.} 22. Rb4 a5 23. Rh4 f5 {[%cal Bf7f5,Bf5f4][%mdl 32] And now ...f4 would win.} 24. b3 $2 {[#]} (24. g4 Bf6 25. Nxf5) 24... Rce8 25. Kf2 (25. Rxh5 {was necessary.} gxh5 26. Kf2) 25... d4 26. Rxd4 f4 {Precision: White = 13%, Black = 81%.} 0-1

[Event "SRB-chT 1st League Men 2018"]
[Site "Valjevo"]
[Date "2018.09.04"]
[Round "5"]
[White "Vucinic, Gojko"]
[Black "Miljkovic, Miroslav D"]
[Result "1/2-1/2"]
[WhiteElo "2411"]
[BlackElo "2474"]
[Annotator "TA"]
[PlyCount "74"]
[EventDate "2018.08.31"]
[EventType "team-tourn"]
[EventCountry "SRB"]
[SourceTitle "playchess.com"]
[Source "ChessBase"]
[SourceQuality "1"]

{[%evp 25,74,6,0,0,0,-6,-12,-18,-10,-28,-25,-12,93,91,83,93,90,87,92,89,77,91,106,0,113,113,112,114,120,112,112,0,112,112,163,112,118,128,114,123,167,0,0,0,181,0,0,0,153,177,149]} 1. e4 c5 2. Nf3 Nc6 3. d4 cxd4 4. Nxd4 e5 5. Nb5 d6 6. c4 Be7 7. N1c3 a6 8. Na3 f5 9. exf5 Bxf5 10. Bd3 Be6 11. O-O Nf6 12. Bg5 {B32: Sicilian: Löwenthal and Kalashnikov Variations} (12. Nc2 Qd7 13. Bg5 O-O 14. b3 Bd8 15. Rb1 Bb6 16. Be3 Bc7 17. Qd2 h6 18. f3 Rad8 19. Be4 Ba5 {½-½ (52) Andreikin,D (2736)-Roganovic,M (2478) Novi Sad 2016}) 12... O-O 13. Bxf6 gxf6 {[%cal Bg7f6,Bf6f5][%mdl 32] LiveBook: 3 Games} 14. Be4 {The position is equal.} Kh8 15. Qh5 {[%csl Ge4][%cal Rh5h7] [#]} f5 16. Bd5 Qd7 17. Rad1 $146 ({Predecessor:} 17. Bxe6 Qxe6 18. Nd5 Rac8 19. f4 e4 {0-1 (33) Maksimovic,M (2193)-Simic,R (2412) Obrenovac 2005}) 17... Rg8 18. f4 e4 (18... Rg4 $11 {remains equal.}) 19. Bxe6 $16 Qxe6 20. Nd5 Raf8 21. Nc2 Bf6 22. b3 {[%cal Bb2b3,Bb3b4][%mdl 32]} Rg6 23. Rf2 Rfg8 24. Rfd2 (24. Kh1 $16) 24... Bd8 (24... Bd4+ $1 $11 25. Nce3 (25. Nxd4 Nxd4 26. Re1 Nf3+ 27. Qxf3 exf3 $19) 25... Rh6) 25. Nce3 Rf8 26. b4 Qf7 27. Qh3 Qe6 28. Qh5 Qf7 $1 {[#] Strongly threatening ...Rxg2+!} 29. Kh1 $36 {[%mdl 2048] White is really pushing.} Qe6 (29... Rg7 $16 30. Qxf7 Rgxf7) 30. a3 ({White should play} 30. b5 $18) 30... Rh6 31. Qe2 Qg6 32. Kg1 Rg8 33. Nc3 Bb6 34. Ncd5 Bd8 $1 35. Nc3 Bb6 {Hoping for ...Rxh2!} 36. Ncd5 Bd8 $1 37. b5 Nb8 {Precision: White = 41%, Black = 56%.} 1/2-1/2

[Event "SRB-chT 1st League Men 2018"]
[Site "Valjevo"]
[Date "2018.09.04"]
[Round "5"]
[White "Drazic, Sinisa"]
[Black "Bozic, Milan"]
[Result "1-0"]
[WhiteElo "2401"]
[BlackElo "2334"]
[Annotator "TA"]
[PlyCount "66"]
[EventDate "2018.08.31"]
[EventType "team-tourn"]
[EventCountry "SRB"]
[SourceTitle "playchess.com"]
[Source "ChessBase"]
[SourceQuality "1"]

{[%evp 17,66,53,68,51,74,46,72,57,142,41,120,0,0,0,238,247,241,247,251,230,201,105,117,114,111,104,110,113,106,101,108,6,5,1,6,0,148,171,279,263,228,229,233,229,316,315,297,270,383,383,5265]} 1. e4 e5 2. Nf3 d6 3. d4 Nd7 4. c4 c6 5. Nc3 Ngf6 6. Be2 Be7 7. O-O O-O 8. Qc2 Re8 9. Be3 {A55: Old Indian Defence with Nf3 and e4} Qc7 {LiveBook: 16 Games} 10. Rae1 $146 ({Predecessor:} 10. h3 Nf8 11. Rfe1 Ng6 12. Rad1 a6 13. a3 Rb8 14. Bf1 b6 15. b4 Bd7 16. c5 bxc5 17. dxc5 dxc5 18. bxc5 Qa5 {1-0 (68) Ponomariov,R (2743)-Dubov,D (2638) Khanty-Mansiysk 2013}) 10... Bf8 11. Nd2 {White is better.} a5 12. f4 g6 (12... b6 $14) 13. Kh1 ({White should play} 13. fxe5 $16 dxe5 14. d5) 13... Bg7 (13... exd4 $14 14. Bxd4 b6) 14. c5 (14. dxe5 $16 dxe5 15. c5) 14... exd4 $11 15. cxd6 $1 Qd8 $2 (15... Qxd6 $11 {and Black stays safe.} 16. e5 Nxe5 17. fxe5 Qxe5) 16. Bxd4 $18 Nxe4 17. Bxg7 ({Don't take} 17. Ncxe4 $6 Bxd4 18. Nf3 Bg7 $16) 17... Nxd2 18. Qxd2 Kxg7 19. Bc4 (19. g4 $1 $18) 19... Nf6 $16 20. Rxe8 Nxe8 21. Ne4 {f5 is the strong threat.} Bf5 22. Qd4+ $1 f6 {[#]} 23. Rd1 $1 $36 {[%mdl 2048] aiming for d7. Keeping Black busy.} b5 ({Wrong is} 23... Bxe4 $2 24. Qxe4 b5 25. Be6 $18) 24. d7 (24. Be2 $16) 24... Bxe4 $11 25. Qxe4 {Strongly threatening Bf1.} bxc4 26. Qxc4 f5 (26... Nc7 $11) 27. Qxc6 $16 Rb8 (27... Nc7 {was called for.}) 28. dxe8=N+ $18 Qxe8 {KQR-KQR} 29. Qc3+ Kg8 30. Qxa5 Rxb2 {[#]} 31. h3 $1 Rb8 32. a4 Qe4 (32... Qc6 $142 33. Kh2 Kf7) 33. Qc7 {Intending Rd7 and mate.} Ra8 $2 {Precision: White = 43%, Black = 35%.} (33... Rb1 34. Rxb1 Qxb1+ 35. Kh2 Qe4) 1-0

[Event "SRB-chT 1st League Men 2018"]
[Site "Valjevo"]
[Date "2018.09.04"]
[Round "5"]
[White "Arsovic, Goran"]
[Black "Markovic, Miroslav"]
[Result "1/2-1/2"]
[WhiteElo "2369"]
[BlackElo "2458"]
[Annotator "TA"]
[PlyCount "80"]
[EventDate "2018.08.31"]
[EventType "team-tourn"]
[EventCountry "SRB"]
[SourceTitle "playchess.com"]
[Source "ChessBase"]
[SourceQuality "1"]

{[%evp 25,80,50,68,62,55,59,97,93,102,100,102,103,107,108,103,106,107,108,105,101,97,106,93,91,87,75,93,0,0,-6,0,0,36,0,15,8,8,0,0,0,0,0,8,8,9,11,11,10,8,15,83,0,4,0,69,0,4]} 1. d4 Nf6 2. Nf3 g6 3. c4 Bg7 4. g3 O-O 5. Bg2 d6 6. Nc3 Nbd7 7. O-O e5 8. e4 exd4 9. Nxd4 Re8 10. h3 Nc5 11. Re1 Bd7 12. Rb1 Qc8 13. Kh2 h6 {LiveBook: 23 Games. E68: King's Indian: Fianchetto: 6...Nbd7 7 0-0 e5 8 e4} 14. f3 (14. b4 Ne6 15. Nxe6 Bxe6 16. Nd5 Qd8 17. Bb2 c6 18. Nxf6+ Bxf6 19. Qc2 Bxb2 20. Rxb2 Qf6 21. c5 {0-1 (53) Arsovic,G (2423)-Markovic,M (2525) Belgrade 2003}) 14... a6 15. Be3 b5 $146 {White is slightly better.} ({Predecessor:} 15... Ne6 16. Nde2 b5 17. cxb5 axb5 18. a3 Rb8 19. Qd2 h5 20. Na2 Bc6 21. Nec3 {0-1 (36) Zhu,C (2494)-Belkhodja,S (2468) Amsterdam 2005}) 16. cxb5 axb5 17. Ndxb5 Bxb5 18. Nxb5 Rxa2 19. Bxc5 dxc5 20. e5 Nd7 21. Nc3 Ra6 22. f4 Nf8 23. Ne4 Ne6 24. Qc1 Ra5 25. Rd1 Qa6 26. Ra1 (26. h4 $16) 26... Rxa1 $11 27. Qxa1 Qxa1 28. Rxa1 Rb8 29. Rc1 Rb5 30. h4 g5 31. hxg5 hxg5 32. f5 Nd4 33. f6 Bf8 34. Nxg5 Rxb2 35. Kh3 {[#] Hoping for Bd5.} Bh6 {aiming for ...Re2.} 36. Ra1 Rb8 ({Worse is} 36... Bxg5 37. Ra8+ Rb8 38. Rxb8+ Kh7 39. Be4+ Nf5 40. Bxf5+ Kh6 41. Rh8#) 37. Ne4 Bf8 (37... c4 $11 {remains equal.}) 38. Ng5 (38. Nd2 $16) 38... Bh6 $1 {[%cal Rh6g5]} 39. Ne4 (39. Kh4 $11) 39... Bf8 $14 40. Ng5 (40. Nd2 $14) 40... Bh6 $1 {Precision: White = 59%, Black = 56%.} 1/2-1/2